| 000 | 00405nam a22001337a 4500 | ||
|---|---|---|---|
| 082 | _aCP-79 | ||
| 100 |
_aDr Hafiz Zahoor Ahmad Khan _951464 |
||
| 245 |
_aEconomics Decision analysis in construction _bCourse Pack MS CE& M _cDr Hafiz Zahoor Ahmad Khan |
||
| 250 | _aSpring Semester 2018 | ||
| 260 |
_aRisalpur, _bMCE, _c2018. |
||
| 300 | _aDifferent pages | ||
| 526 |
_a0 _b0 _c0 _dCP_79 |
||
| 942 |
_2ddc _cBKB |
||
| 999 |
_c554140 _d554140 |
||